| 000 | 00942cam a22002775a 4500 | ||
|---|---|---|---|
| 001 | 13511463 | ||
| 005 | 20151213132003.0 | ||
| 008 | 040304t2004 njua frb 001 0 eng d | ||
| 020 | _a0471477567 (cloth) | ||
| 020 | _a9780471477563 | ||
| 040 |
_aDLC _beng _cDLC _dDLC _dEG-ScBUE _dEG-ScBUE |
||
| 082 | 0 | 4 |
_a660.297 _bNEW _222 |
| 100 | 1 |
_aNewman, John, _d1938- _95566 _q(John Brian), |
|
| 245 | 1 | 0 |
_aElectrochemical systems / _cJohn Newman, Karen E. Thomas-Alyea. |
| 250 | _a3rd ed. | ||
| 260 |
_aHoboken : _bWiley-Interscience / John Wiley & Sons INC Publication, _cc.2004. |
||
| 300 |
_axx, 647 p. : _bill. ; _c24 cm. |
||
| 490 | 0 | _aElectrochemical society series | |
| 500 | _aIndex : p. 635-647. | ||
| 504 | _aIncludes bibliographical references. | ||
| 650 | 0 |
_aElectrochemistry, Industrial. _2BUEsh |
|
| 651 | _2BUEsh | ||
| 653 |
_bENGCHE _cAugust2015 _cDecember2015 |
||
| 700 | 1 | _aThomas-Alyea, Karen E. | |
| 942 |
_2ddc _k660.297 NEW |
||
| 999 |
_c20705 _d20677 |
||